00408 2200157 4500001002100000008004100021035002000062245004800082100001700130260002500147300002200172020002200194084001400216082000800230990001200238INLIS000000000002860 IND  a0010-0925000207 aAnakku, Hatimu, Seputih SaljucKeisha Putri aKeisha Putri aJakartabZettuc2013 a200c(13 x 19 cm) a978-602-7735-85-9 a813 KEI a a813 a0755082